000 00595nam a2200193Ia 4500
001 23725
003 GE_BSU
008 181216s||||||||xx |||||||||||||| ||und||
040 _cGE_BSU
245 _aИнновации в образовании, №9 сентябрь 2018.
245 _cГл.ред.И.В. Сыромятников
260 _aмосква
260 _c2018г
300 _a150 стр. 25 см.
653 _aИнновации в образовании, №9 сентябрь 2018.
653 _aПериодика
653 _aპერიოდიკა
942 _cCR
999 _c56609
_d56609